00797cam a22002533a 4500001000500000005001700005020001700022040004500039050001400084082000800098100002600106245003400132260003500166300004100201490002300242500002600265505000800291520011600299521002000415521002000435650002100455650003700476655003000513109220230908160553.0 a078073004997 aZABcZABdUPZdSLCdOCLdOCLCQdDLCbeng00aPZ7.A648500aFic1 aApplegate, Katherine.14aThe threat /cK.A. Applegate. aNew York :bScholastic,c1998. a158 pages :billustrations ;c20 cm. aAnimorphsvBook 21 a"An Apple paperback." aN  aThe newest Animorph may prove a greater threat to the team than the Yeerks who are again threatening the world. a560 bLexile  aN bRaz-Plus  0aScience fiction. 0aMetamorphosisvJuvenile fiction. 7aChildren's stories.2lcsh